Informationsübertragung Wissensspieicher

Na minha lista:
Detalhes bibliográficos
Autor principal: Fritzsche, Gottfried
Formato: Livro
Idioma:alemão
Publicado em: Berlin Technik 1985
Edição:3. durges. Aufl.
Tags: Adicionar Tag
Sem tags, seja o primeiro a adicionar uma tag!

MARC

LEADER 00000nam a2200000 4500
001 c024623
005 20221220081832.9
041 0 |a ger 
044 |a DE 
245 1 0 |a Informationsübertragung  |b Wissensspieicher  |c Gottfried Fritzsche 
250 |a 3. durges. Aufl. 
264 1 |a Berlin  |b Technik  |c 1985 
300 |a 416 s. 
100 1 |a Fritzsche, Gottfried